000 00911nam2a22002531 4500
001 RU\NLR\INFOCOMM55\5000110611
005 20041028155340.8
035 _a(NLR Aleph) 002340795
090 _a4482064
_c4482064
100 _a20041028d1928 |||y0rusy50 ca
101 0 _arus
102 _aRU
105 _ay ||||000|y
200 1 _aРусско-украинские и иностранные сорта сахарной свеклы на Кубани
_fД.К. Канарев
210 _d1928
461 0 _1001RU\NLR\INFOCOMM55\5000110439
_12001#$aТруды Северо-Кавказского промышленного научно-исследовательского института$vВып.62
700 1 _aКанарев
_bД. К.
_4070
801 0 _aRU
_bNLR
_gPSBO
801 1 _aRU
_bInfoComm
_c20041028
852 _aNLR
_jП20/34
942 _cISSUE
980 _aNB
980 _aRUSPER